000 00976nas a2200277 4500
001 BR0807895
003 BR-BrBNA
005 20231205112749.0
007 ta
008 230509b bl.|||p| |||| 00| 00por d
040 _aBR-BrBNA
_bpor
_cBiblioteca Nacional de Agricultura
041 _a(Pt)
072 _aL70
100 1 _aklemm, M.
100 1 _aAlvarenga, J.
100 1 _aFantoni, D.T.
100 1 _aSilva, L.C.L.C.
100 1 _aAuler, J.O.
245 1 _aEstudo comparativo dos efeitos da ventilação mecânica controlada (VMC)com ou sem o emprego da pressão positiva no final da inspiração (PEEP)sobre a variação da pressão interpleural em anestesia eqüina
650 _aCAVALO
650 _aPRESSÃO ARTERIAL
650 _aANESTESIA
773 0 _tBrazilian Journal of Veterinary Research and Animal Science (Brazil)
_xISSN 1413-9596
_g(1998), v. 35(1/6) p. 260-265
_wBR0807895
909 _a202311
_bLúcia
_c55
_dLúcia Elande
942 _2AGRIS
_n0
_cANA
999 _c199834
_d199834